| 000 | 01164 a2200241 4500 | ||
|---|---|---|---|
| 005 | 20080918151347.0 | ||
| 008 | 080918t xxu||||| |||| 00| 0 hin d | ||
| 010 | _aHIN-81089 | ||
| 020 |
_c200.00 _a8181291131 |
||
| 035 | _aHN-53435 | ||
| 037 | _bपु.प्र.अ.प्र/प्रका | ||
| 082 | _aक | ||
| 100 | _aमिश्र, सविता | ||
| 245 |
_aमेरो मन अनत कहाँ सुख पावे _cसविता मिश्र |
||
| 246 |
_aMero man anat kahan sukh pave _bby Savita Mishra |
||
| 260 |
_aनई दिल्ली _bनमन प्रकाशन _c2007 |
||
| 270 |
_a4231/1,अंसारी रोड, दरियागंज _bनई दिल्ली _e110002 _k23247003, 23254306 |
||
| 300 |
_a125पृ _c22सेमी (सजिल्द) |
||
| 650 | _aहिन्दी कहानियाँ | ||
| 650 | _aHindi Stories | ||
| 942 |
_adpl _cHN _kक / मिश्रस _2ddc _hक _mमिश्रस |
||
| 999 |
_c7656 _d7656 |
||